000 00472nam a22001817a 4500
999 _c526513
_d526513
003 NUST
020 _a9694111293
038 _aZafar Malik
082 _a891.423
_bJAN
100 _aJani, Nazar Hussain
_914469
245 _aSunjan \
_cNazar Hussain Jani
260 _aLahore :
_bPakistan Punjabi Adbi Board ;
_c1992.
300 _a255 p. ;
500 _aPaperback
880 _6100-02\r
_aنذر حسین جانی
880 _6245-02\r
_aسنجان
942 _2ddc
_cBK